Statistics for What Script does the Language use #1

Click here to take the quiz!

General Stats

  • This quiz has been taken 19 times
  • The average score is 18 of 24

Answer Stats

HintAnswer% Correct
GreekGreek
100%
EnglishLatin
100%
BasqueLatin
100%
RussianCyrillic
94%
HungarianLatin
94%
SpanishLatin
94%
ItalianLatin
94%
SerbianCyrillic/Latin
89%
IrishLatin
89%
AlbanianLatin
89%
PersianPerso-Arabic
89%
BulgarianCyrillic
83%
LithuanianLatin
83%
NorwegianLatin
83%
MongolianCyrillic/Mongolian
78%
RomanianLatin
72%
BurmeseBurmese
67%
JapaneseHirigana/Katakana/Kanji
61%
AymaraLatin
56%
NepaliDevanagari
50%
HindiDevanagari
50%
SanskritDevanagari
33%
PunjabiGurmukhi
28%
GeorgianMkhedruli
6%

Score Distribution

Percentile by Number Answered

Percent of People with Each Score

Your Score History

You have not taken this quiz